000 00809nam a22002537a 4500
003 OSt
005 20210310133841.0
008 210310s1984 ck ad||gr|||| 00| 0 spa d
020 _a9684224141 (v.1)
020 _a968422415X (v.2)
040 _aCO-JMCR
_cCO-JMCR
041 1 _aspa
_heng
082 0 4 _a512 /
_bB261a
_223
100 1 _aBarnett, Raymond A.,
_eautor
_914666
245 1 0 _aÁlgebra y geometría /
_cRaymond A. Barnett , Julio A. Uribe Calad
250 _aSegunda edición
260 _aBogotá :
_bMcGraw-Hill,
_c1984
300 _a2 volúmenes :
_bilustraciones y gráficos a blanco y negro ;
_c23 cm.
505 0 _gv.1
_tÁlgebra
_gv.2
_tGeometría
650 1 4 _aGeometría
_913147
650 2 4 _aÁlgebra
_912578
700 1 _aUribe Calad, Julio A.,
_eautor
_914667
942 _2ddc
_cBK
999 _c7523
_d7523